000 00482nam a2200169Ia 4500
008 090711s9999 xx 000 0 und d
082 _b77829
100 _aभोगले प्रभाकर
245 _aअसुनी नाथ
260 _c1995
300 _a144
600 _aभोगले प्रभाकर
630 _aअसुनी नाथ
700 _aभोगले प्रभाकर
730 _aअसुनी नाथ
942 _cBOOK
999 _c301880
_d301880